Esteban Jaramillo : (Registro nro. 41194)
[ vista simple ]
| 000 -CABECERA | |
|---|---|
| Longitud fija campo de control | 00788nam a2200229Ii 4500 |
| 005 - FECHA Y HORA DE LA ULTIMA TRANSACCION | |
| Fecha y hora de la última transacción | 20250922165809.0 |
| 008 - CODIGOS DE INFORMACION DE LONGITUD FIJA | |
| Códigos de información de longitud fija | 241108s9999||||xx |||||||||||||| ||und|| |
| 020 ## - NUMERO INTERNACIONAL NORMALIZADO PARA LIBROS | |
| Número Internacional Normalizado para Libros (ISBN) | 9587043669 |
| 040 ## - FUENTE DE LA CATALOGACION | |
| Centro catalogador de origen | CO-ViMGA |
| Lengua de catalogación | spa |
| Normas de descripción | rda |
| Centro transcriptor | CO-ViMGA |
| 082 04 - NUMERO DE LA CLASIFICACION DECIMAL DEWEY | |
| Número de clasificación (R) | R 923.320 |
| Número del ítem | J17e |
| Número de edición | 23 |
| 100 1# - PUNTO DE ACCESO PRINCIPAL-NOMBRE DE PERSONA | |
| Nombre de persona | Jaramillo, Mario |
| 245 10 - TITULO PROPIAMENTE DICHO | |
| Título | Esteban Jaramillo : |
| Resto del título | indicador de la economía colombiana / |
| Mención de responsabilidad, etc. | Mario Jaramillo |
| 264 #1 - PRODUCCION, PUBLICACION , DISTRIBUCION, FABRICACION Y COPYRIGHT | |
| Lugar de producción, publicación, distribución, fabricación | Bogotá, Colombia : |
| Nombre del productor, editor, distribuidor, fabricante | Taurus, |
| Fecha de de producción, publicación, distribución, fabricación o copyright | 2006 |
| 300 ## - DESCRIPCION FISICA | |
| Extensión | 24 páginas |
| Otras características físicas | fotografias en blanco y negro |
| Dimensiones | 24 cm. |
| 336 ## - TIPO DE CONTENIDO | |
| Término de tipo de contenido | texto |
| Código de tipo de contenido | txt |
| Fuente | rdacontenido |
| 337 ## - TIPO DE MEDIO | |
| Nombre del tipo de medio | no mediado |
| Código del tipo de medio | n |
| Fuente | rdamedio |
| 338 ## - TIPO DE SOPORTE | |
| Nombre del tipo de soporte | volume |
| Código del tipo de soporte | nc |
| Fuente | rdasoporte |
| 600 ## - PUNTO DE ACCESO ADICIONAL DE MATERIA - NOMBRE DE PERSONA | |
| Nombre de persona | Jaramillo, Esteban |
| Fechas asociadas al nombre | 1874-1947. |
| 650 17 - PUNTO DE ACCESO ADICIONAL DE MATERIA - TERMINO DE MATERIA | |
| Término de materia o nombre geográfico como elemento inicial | Economía |
| Subdivisión de forma | Fuentes. |
| Subdivisión de materia general | Historia |
| Subdivisión geográfica | Colombia |
| Fuente del encabezamiento | BLAAUTO |
| 942 ## - ENTRADA DE ELEMENTOS AGREGADOS (KOHA) | |
| Koha [por defecto] tipo de item | LIbro |
| Fuente de clasificaión o esquema | Dewey Decimal Classification |
| Perdido | Fuente de clasificación o esquema | Estado Físico | No para préstamo | Localización permanente | Localización actual | Localización en estanterías | Fecha adquisición | Signatura completa | Código de barras | Fecha última consulta | Número de copia | Fecha del precio de reemplazo | Tipo de item de Koha | Note pública |
|---|---|---|---|---|---|---|---|---|---|---|---|---|---|---|
| Dewey Decimal Classification | Biblioteca Pública Departamental Eduardo Carranza - Villavicencio | Biblioteca Pública Departamental Eduardo Carranza - Villavicencio | Referencia | 10/02/2010 | R 923.320 J17e | ECA19336 | 11/26/2024 | Ej.1 | 11/26/2024 | LIbro | 14452 | 18975 |